[Event "I slightly prefer Romney to Obama"]
[Site "SchemingMind.com"]
[Date "2012.10.18"]
[Round "-"]
[White "aplek"]
[Black "Ilang"]
[Result "1/2-1/2"]
[WhiteCountry "POL"]
[BlackCountry "HUN"]
[WhiteElo "2232"]
[WhiteRD "145"]
[BlackElo "2368"]
[BlackRD "66"]
[GameID "319377"]

1. c4 e5 2. Nc3 Nf6 3. Nf3 Nc6 4. g3 Bb4 5. Bg2 O-O 6. O-O e4 7. Ne1 Bxc3 8. dxc3 h6 9. Nc2 Re8 10. Ne3 d6
11. b3 Be6 12. Nd5 a5 13. a4 Bxd5 14. cxd5 Nb8 15. Qc2 Qe7 16. c4 Nbd7 17. Bb2 Nc5 18. Bd4 Nfd7 19. Rab1 Qg5 20. f3 exf3
21. exf3 h5 22. f4 Qh6 23. Bf3 h4 24. Rfe1 hxg3 25. hxg3 Qh3 26. Kf2 Qh2+ 27. Bg2 Qh7 28. Qxh7+ Kxh7 29. Rh1+ Kg6 30. Bf3 Rh8
31. Kg2 f5 32. Rxh8 Rxh8 33. Bc3 b6 34. Re1 Kf7 35. Bd1 Ne4 36. Bd4 Ndf6 37. Bc2 Rh5 38. Bb1 g6 39. Bc2 Rh6=
1/2-1/2

[Event "I slightly prefer Romney to Obama"]
[Site "SchemingMind.com"]
[Date "2012.10.17"]
[Round "-"]
[White "aplek"]
[Black "chesshub"]
[Result "0-1"]
[WhiteCountry "POL"]
[BlackCountry "FRA"]
[WhiteElo "2232"]
[WhiteRD "145"]
[BlackElo "2488"]
[BlackRD "75"]
[GameID "319378"]

1. c4 e5 2. Nc3 Nf6 3. Nf3 Nc6 4. g3 Bb4 5. Bg2 O-O 6. O-O e4 7. Ne1 Bxc3 8. dxc3 h6 9. Nc2 d6 10. Ne3 Re8
11. b3 Ne7 12. Qc2 Nf5 13. Nd5 Nxd5 14. cxd5 Qe7 15. Bb2 h5 16. c4 a5 17. Rac1 b6 18. Bc3 Bd7 19. Rcd1 a4 20. b4 a3
21. b5 h4 22. g4 h3 23. Bxh3 Qh4 24. Kg2 Nh6 25. f3 exf3+ 26. exf3 Bxg4 27. Bxg4 Nxg4 28. fxg4 Qxg4+
0-1

[Event "I slightly prefer Romney to Obama"]
[Site "SchemingMind.com"]
[Date "2012.10.17"]
[Round "-"]
[White "aplek"]
[Black "smothered mate"]
[Result "1-0"]
[WhiteCountry "POL"]
[BlackCountry "POL"]
[WhiteElo "2405"]
[WhiteRD "106"]
[BlackElo "1984"]
[BlackRD "58"]
[GameID "319379"]

1. c4 e6 2. Nc3 d5 3. d4 c5 4. cxd5 exd5 5. Nf3 Nc6 6. g3 c4 7. Bg2 Bb4 8. O-O Nge7 9. e4 O-O 10. exd5 Nxd5
11. Bg5 f6 12. Nxd5 Qxd5 13. Ne5 Qb5 14. a4 Qa6 15. Nxc6 bxc6 16. Be3 Be6 17. Qc2 Bd5 18. Rfc1 Rab8 19. Bf1 Ba5 20. Rab1 Rb4
21. Bd2 Rb6 22. Bf4 g5 23. Bd6 Rd8 24. Bc7 Rb4 25. Bxd8 Bxd8 26. b3 Qc8 27. bxc4 Rxb1 28. Rxb1 Bf3 29. Qb3 Qg4 30. Qe3 Kf7
31. Rb7+ Kg6 32. Qe8+
1-0

[Event "I slightly prefer Romney to Obama"]
[Site "SchemingMind.com"]
[Date "2012.10.22"]
[Round "-"]
[White "aplek"]
[Black "mapleleaf"]
[Result "1-0"]
[WhiteCountry "POL"]
[BlackCountry "CAN"]
[WhiteElo "2405"]
[WhiteRD "106"]
[BlackElo "1975"]
[BlackRD "96"]
[GameID "319380"]

1. c4 Nf6 2. Nc3 g6 3. Nf3 Bg7 4. g3 O-O 5. Bg2 d6 6. O-O Nbd7 7. Rb1 e5 8. d4 c6 9. b4 Qc7 10. Qb3 Re8
11. Rd1 a5 12. b5 exd4 13. Nxd4 Nc5 14. Qa3 Bd7 15. Bf4 Bf8 16. Nxc6 Nh5 17. Nd5 Qc8 18. Nb6 Nxf4 19. Nxc8 Nxe2+ 20. Kf1 Bxc8
21. Re1 Bf5 22. Rbd1 d5 23. Rxe2 Rxe2 24. Kxe2 bxc6 25. Qe3 dxc4 26. Bxc6 Bd3+ 27. Kf3 Rd8 28. Qe1 a4 29. Kg2 Rd6 30. Qc3 Bg7
31. Qb4 Bd4 32. Bf3 Rf6 33. b6
1-0

[Event "I slightly prefer Romney to Obama"]
[Site "SchemingMind.com"]
[Date "2012.10.18"]
[Round "-"]
[White "aplek"]
[Black "bereolos"]
[Result "1-0"]
[WhiteCountry "POL"]
[BlackCountry "USA"]
[WhiteElo "2427"]
[WhiteRD "99"]
[BlackElo "2137"]
[BlackRD "84"]
[GameID "319381"]

1. c4 g6 2. Nc3 Bg7 3. g3 e5 4. Bg2 d6 5. d3 Nc6 6. Rb1 a5 7. a3 Nf6 8. b4 axb4 9. axb4 O-O 10. Nf3 h6
11. b5 Ne7 12. Bb2 Be6 13. O-O Qd7 14. Nd2 c6 15. Ra1 Bh3 16. Nf3 Bxg2 17. Kxg2 Nh5 18. Qb3 Kh7 19. b6 Rae8 20. Ra7 f5
21. Nd2 Nf6 22. Rb1 h5 23. Nf3 Bh6 24. Bc1 f4 25. c5 Nc8 26. cxd6 Nxd6 27. Ba3 Re7 28. Ne4 Nfxe4 29. dxe4 Rf6 30. Rd1 Bf8
31. Ng5+ Kg7 32. Bxd6 Rxd6 33. Rxb7 Qxb7 34. Rxd6 Re8 35. Re6 Rb8 36. Qc3
1-0

[Event "I slightly prefer Romney to Obama"]
[Site "SchemingMind.com"]
[Date "2012.10.18"]
[Round "-"]
[White "aplek"]
[Black "Adrian Grajczak"]
[Result "1-0"]
[WhiteCountry "POL"]
[BlackCountry "POL"]
[WhiteElo "2355"]
[WhiteRD "112"]
[BlackElo "2112"]
[BlackRD "71"]
[GameID "319382"]

1. c4 d6 2. g3 e5 3. Nc3 Be6 4. Nf3 c6 5. d3 f5 6. Bh3 Be7 7. e4 Qd7 8. Qb3 b6 9. O-O Na6 10. d4 fxe4
11. Bxe6 Qxe6 12. Nxe4 O-O-O 13. c5 Qxb3 14. axb3 Kb7 15. cxd6 Bxd6 16. Nxe5 Bxe5 17. dxe5 Nc5 18. Nd6+ Rxd6 19. exd6 Nf6 20. Re1 Nd5
21. b4 Nd3 22. Re6 a6 23. Bg5 h6 24. d7
1-0

[Event "I slightly prefer Romney to Obama"]
[Site "SchemingMind.com"]
[Date "2012.10.18"]
[Round "-"]
[White "Ilang"]
[Black "aplek"]
[Result "1-0"]
[WhiteCountry "HUN"]
[BlackCountry "POL"]
[WhiteElo "2368"]
[WhiteRD "66"]
[BlackElo "2232"]
[BlackRD "145"]
[GameID "319383"]

1. d4 e6 2. e4 d5 3. Nc3 Nf6 4. e5 Nfd7 5. f4 c5 6. Nf3 Nc6 7. Be3 a6 8. Qd2 b6 9. Bd3 Be7 10. O-O O-O
11. Kh1 Qc7 12. Rae1 f5 13. Be2 cxd4 14. Nxd4 Nxd4 15. Bxd4 Nc5 16. a4 Bd7 17. Ra1 Rfc8 18. Qe3 Rab8 19. g4 fxg4 20. Bxg4 Rf8
21. a5 bxa5 22. f5 exf5 23. Nxd5 Bc6 24. Bf3 Bxd5 25. Bxd5+ Kh8 26. e6 Qd8 27. Qe5 Bf6 28. e7 Qxe7 29. Qxe7 Bxe7 30. Rg1 Rf6
31. Bxf6 Bxf6 32. Rxa5 Ne4 33. Bxe4 fxe4 34. b3 Re8 35. Rxa6 h5 36. c4 Kh7 37. Kg2 Rd8 38. Ra2 h4 39. b4 Rd3 40. Rb1 Be5
41. b5 h3+ 42. Kf1 Rf3+ 43. Rf2 Rc3 44. b6 Rxc4 45. b7 Bb8 46. Rf8 Bxh2 47. Rb3
1-0

[Event "I slightly prefer Romney to Obama"]
[Site "SchemingMind.com"]
[Date "2012.10.18"]
[Round "-"]
[White "chesshub"]
[Black "aplek"]
[Result "1-0"]
[WhiteCountry "FRA"]
[BlackCountry "POL"]
[WhiteElo "2460"]
[WhiteRD "76"]
[BlackElo "2416"]
[BlackRD "96"]
[GameID "319384"]

1. d4 Nf6 2. c4 e6 3. Nf3 b6 4. g3 Ba6 5. b3 Bb4+ 6. Bd2 Be7 7. Bg2 O-O 8. O-O Bb7 9. Nc3 Na6 10. Re1 d5
11. cxd5 exd5 12. Ne5 Re8 13. Rc1 Ba3 14. Rb1 Ne4 15. Nd3 Bd6 16. b4 Qf6 17. Nb5 Bf8 18. e3 c6 19. Nc3 Nc7 20. Nxe4 dxe4
21. Ne5 Bd6 22. f4 exf3 23. Nxf3 Rad8 24. Rc1 Qe6 25. Qc2 Qg6 26. Qa4 a6 27. Nh4 Qd3 28. Qc2 Qxc2 29. Rxc2 Nd5 30. a3 Bf8
31. Nf3 c5 32. dxc5 bxc5 33. bxc5 Rc8 34. Rec1 Nxe3 35. Bxe3 Rxe3 36. c6 Ba8 37. c7 g6 38. Bh3 f5 39. Bf1 Rxf3 40. Bc4+ Kh8
41. Bxa6 Bh6 42. Re1 Bg7 43. Rc4 Bc3 44. Bxc8 Bxe1 45. Ba6 Bf2+ 46. Kg2 Rf4+ 47. Kf1 Rxc4 48. Bxc4
1-0

[Event "I slightly prefer Romney to Obama"]
[Site "SchemingMind.com"]
[Date "2012.10.18"]
[Round "-"]
[White "smothered mate"]
[Black "aplek"]
[Result "0-1"]
[WhiteCountry "POL"]
[BlackCountry "POL"]
[WhiteElo "2022"]
[WhiteRD "58"]
[BlackElo "2355"]
[BlackRD "112"]
[GameID "319385"]

1. e4 e6 2. d4 d5 3. e5 c5 4. c3 Qb6 5. Nf3 Nc6 6. Be2 cxd4 7. cxd4 Nge7 8. Na3 Nf5 9. Nc2 Bd7 10. O-O Na5
11. g4 Ne7 12. Nfe1 Bb5 13. b4 Bxe2 14. Qxe2 Nc4 15. Nd3 Nc6 16. Rb1 Nxd4 17. Nxd4 Qxd4 18. Rd1 h5 19. gxh5 Qh4 20. h6 g5
21. Ne1 Rxh6 22. Nf3 Qh5 23. Bxg5 Rg6 24. h4 Be7
0-1

[Event "I slightly prefer Romney to Obama"]
[Site "SchemingMind.com"]
[Date "2012.10.22"]
[Round "-"]
[White "mapleleaf"]
[Black "aplek"]
[Result "0-1"]
[WhiteCountry "CAN"]
[BlackCountry "POL"]
[WhiteElo "1975"]
[WhiteRD "96"]
[BlackElo "2405"]
[BlackRD "106"]
[GameID "319386"]

1. d4 e6 2. e4 d5 3. Nc3 Nf6 4. Bg5 Bb4 5. e5 h6 6. Bd2 Bxc3 7. bxc3 Ne4 8. Qg4 Kf8 9. Bd3 Nxd2 10. Kxd2 c5
11. h4 Nc6 12. Rh3 c4 13. Be2 b5 14. Qf4 Bd7 15. Bh5 Qe7 16. Rb1 Rb8 17. g4 b4 18. cxb4 Rxb4 19. Rxb4 Qxb4+ 20. Kc1 Qe1+
21. Kb2 Be8 22. Rg3 Kg8 23. Nh3 Qb4+ 24. Kc1 c3 25. g5 Nxd4 26. Kd1 hxg5 27. Rxg5 Rxh5
0-1

[Event "I slightly prefer Romney to Obama"]
[Site "SchemingMind.com"]
[Date "2012.10.18"]
[Round "-"]
[White "bereolos"]
[Black "aplek"]
[Result "0-1"]
[WhiteCountry "USA"]
[BlackCountry "POL"]
[WhiteElo "2196"]
[WhiteRD "93"]
[BlackElo "2416"]
[BlackRD "96"]
[GameID "319387"]

1. d4 e6 2. c4 Nf6 3. g3 c5 4. d5 exd5 5. cxd5 g6 6. Bg2 d6 7. Nc3 Bg7 8. Nf3 O-O 9. O-O Nbd7 10. a4 a6
11. Nd2 Re8 12. h3 Rb8 13. Nc4 Ne5 14. Na3 Bd7 15. f4 Nh5 16. fxe5 Bxe5 17. g4 Ng3 18. Rf3 b5 19. axb5 axb5 20. Qe1 Bxc3
21. Qxg3 Bd4+ 22. e3 Be5 23. Qf2 f5 24. gxf5 Bxf5 25. Rxf5 gxf5 26. Qxf5 Rf8 27. Qg4+ Kh8 28. Nc2 Rg8 29. Qh5 Rxg2+ 30. Kxg2 Qf6
31. Qe2 Rg8+ 32. Kh1 Qg6
0-1

[Event "I slightly prefer Romney to Obama"]
[Site "SchemingMind.com"]
[Date "2012.10.18"]
[Round "-"]
[White "Adrian Grajczak"]
[Black "aplek"]
[Result "0-1"]
[WhiteCountry "POL"]
[BlackCountry "POL"]
[WhiteElo "2078"]
[WhiteRD "71"]
[BlackElo "2232"]
[BlackRD "145"]
[GameID "319388"]

1. g4 e5 2. Bg2 h5 3. gxh5 Qg5 4. Kf1 Qxh5 5. c4 Bc5 6. Nc3 Nf6 7. d3 Nc6 8. Nf3 d6 9. a3 Bh3 10. Rg1 O-O-O
11. Ne4 Nxe4 12. dxe4 Be6 13. Qd3 f5 14. b4 Bb6 15. Ng5 Qh4 16. Qg3 Bxc4 17. exf5 Qd4
0-1

[Event "I slightly prefer Romney to Obama"]
[Site "SchemingMind.com"]
[Date "2012.10.22"]
[Round "-"]
[White "aperturaf"]
[Black "Ilang"]
[Result "1/2-1/2"]
[WhiteCountry "ESP"]
[BlackCountry "HUN"]
[WhiteElo "2111"]
[WhiteRD "190"]
[BlackElo "2385"]
[BlackRD "74"]
[GameID "319678"]

1. e4 c6 2. d4 d5 3. e5 Bf5 4. Nf3 e6 5. Be2 Nd7 6. O-O h6 7. a4 Ne7 8. c4 dxc4 9. Na3 Nd5 10. Nxc4 Be7
11. Ne3 Nxe3 12. Bxe3 Nb6 13. a5 Nd5 14. a6 b6 15. Rc1 Rc8 16. Qa4 Qd7 17. Rfd1 O-O 18. Ne1 Nxe3 19. fxe3 b5 20. Qb3 Qd5
21. Qxd5 exd5 22. Nd3 f6 23. Bf3 Kf7 24. h3 Ke6 25. Nf4+ Kd7 26. Kh2 Rb8 27. g4 Bh7 28. e6+ Kd6 29. Nd3 f5 30. Ne5 Rbc8
31. Rc5 Kxe6 32. Rxc6+ Rxc6 33. Nxc6 Rf7 34. Rc1 Bd6+ 35. Kg2 Rc7 36. Rc3 fxg4 37. Bxg4+ Kf6 38. Bf3 Bg8 39. Na5 Rxc3 40. bxc3 b4
41. cxb4 Bc7 42. Nc6 Bb6 43. Ne5 Ke7 44. b5 Kd6 45. Kg3 Bh7 46. Kg4 Bc7 47. h4 Ba5=
1/2-1/2

[Event "I slightly prefer Romney to Obama"]
[Site "SchemingMind.com"]
[Date "2012.10.22"]
[Round "-"]
[White "aperturaf"]
[Black "chesshub"]
[Result "1/2-1/2"]
[WhiteCountry "ESP"]
[BlackCountry "FRA"]
[WhiteElo "2335"]
[WhiteRD "93"]
[BlackElo "2460"]
[BlackRD "76"]
[GameID "319679"]

1. e4 c5 2. Nf3 e6 3. Nc3 a6 4. Be2 b5 5. O-O Bb7 6. d4 cxd4 7. Qxd4 Nc6 8. Qe3 Qc7 9. Rd1 Nf6 10. a4 Nb4
11. Ne1 Bc5 12. Qf3 O-O 13. Bg5 Be7 14. Qg3 Qxg3 15. hxg3 h6 16. Rxd7 Bc6 17. Rxe7 hxg5 18. axb5 axb5 19. Rea7 Rxa7 20. Rxa7 Bxe4
21. Nxe4 Nxe4 22. Bxb5 Rb8 23. Be2 g6 24. Nf3 Rc8 25. c3 Nc6 26. Ra4 f5 27. Bb5 g4 28. Rc4 Na7 29. Rxc8+ Nxc8 30. Ne1 Kf7
31. Bd3 Nc5 32. b4 Nxd3 33. Nxd3 Kf6 34. f4 gxf3 35. gxf3 e5 36. Nb2 Nd6 37. c4 g5 38. Kf2 f4 39. gxf4 gxf4 40. b5 Ke6
41. Ke2 e4 42. fxe4 Nxe4 43. Kf3 Ke5 44. b6 Nd2+ 45. Kg4 Kd6=
1/2-1/2

[Event "I slightly prefer Romney to Obama"]
[Site "SchemingMind.com"]
[Date "2012.10.22"]
[Round "-"]
[White "aperturaf"]
[Black "smothered mate"]
[Result "1-0"]
[WhiteCountry "ESP"]
[BlackCountry "POL"]
[WhiteElo "2358"]
[WhiteRD "105"]
[BlackElo "2016"]
[BlackRD "53"]
[GameID "319680"]

1. e4 c5 2. Nf3 d6 3. d4 cxd4 4. Qxd4 a6 5. c4 Nc6 6. Qd3 Nf6 7. Nc3 g6 8. h3 Bg7 9. Be2 h6 10. O-O Be6
11. Nd5 Nd7 12. Qc2 Rc8 13. Be3 f5 14. Nf4 Bf7 15. exf5 gxf5 16. Qxf5 O-O 17. Bd3 Nf6 18. Ne6 Bxe6 19. Qxe6+ Kh8 20. Bf5 Qa5
21. Nh4 Ne5 22. f4
1-0

[Event "I slightly prefer Romney to Obama"]
[Site "SchemingMind.com"]
[Date "2012.10.22"]
[Round "-"]
[White "aperturaf"]
[Black "aplek"]
[Result "1/2-1/2"]
[WhiteCountry "ESP"]
[BlackCountry "POL"]
[WhiteElo "2300"]
[WhiteRD "97"]
[BlackElo "2355"]
[BlackRD "112"]
[GameID "319681"]

1. e4 e6 2. d4 d5 3. e5 c5 4. c3 Qb6 5. Nf3 Nc6 6. a3 c4 7. Be2 Na5 8. O-O Bd7 9. Re1 Nb3 10. Ra2 Nxc1
11. Qxc1 Nh6 12. a4 Be7 13. a5 Qc7 14. Ra1 O-O 15. Na3 a6 16. Nc2 Rfb8 17. Ne3 b6 18. axb6 Rxb6 19. Ra2 Qb7 20. Nd2 a5
21. Qa1 a4 22. Bd1 Nf5 23. Nxf5 exf5 24. f4 g6 25. Bc2 Kg7 26. Nf1 Rba6 27. Ne3 Bc6 28. Rb1 h5 29. g3 R6a7 30. h4 Qd7
31. Bd1 Ra6 32. Kg2 Rb6 33. Bc2 Ra5 34. Rf1 Rba6 35. Qd1 Qe6 36. Qd2 a3 37. Bd1 axb2 38. Rxb2 Ba3 39. Rb1 Qd7 40. Bf3 Be7
41. Rb2 Ra3 42. Rfb1 R6a5 43. Kh2 Bd8=
1/2-1/2

[Event "I slightly prefer Romney to Obama"]
[Site "SchemingMind.com"]
[Date "2012.10.27"]
[Round "-"]
[White "aperturaf"]
[Black "mapleleaf"]
[Result "1-0"]
[WhiteCountry "ESP"]
[BlackCountry "CAN"]
[WhiteElo "2329"]
[WhiteRD "90"]
[BlackElo "1975"]
[BlackRD "96"]
[GameID "319682"]

1. e4 c5 2. Nf3 Nc6 3. Bb5 d6 4. d4 cxd4 5. Qxd4 e5 6. Qc4 Bd7 7. O-O h6 8. a3 Nf6 9. Qd3 Be7 10. Nc3 a6
11. Bc4 b5 12. Ba2 Qc7 13. Nd5 Nxd5 14. Bxd5 Rc8 15. Bd2 O-O 16. Rfc1 Na5 17. b3 Kh8 18. a4 Nb7 19. b4 f5 20. axb5 axb5
21. Ra7 Bc6 22. c4 Qb8 23. Rca1 Bxd5 24. Qxd5 Rc7 25. cxb5 fxe4 26. b6 Rd7 27. Nxe5
1-0

[Event "I slightly prefer Romney to Obama"]
[Site "SchemingMind.com"]
[Date "2012.10.22"]
[Round "-"]
[White "aperturaf"]
[Black "bereolos"]
[Result "0-1"]
[WhiteCountry "ESP"]
[BlackCountry "USA"]
[WhiteElo "2310"]
[WhiteRD "100"]
[BlackElo "2142"]
[BlackRD "91"]
[GameID "319683"]

1. e4 e5 2. Nf3 Nc6 3. Bb5 a6 4. Bxc6 dxc6 5. O-O f6 6. d4 exd4 7. Nxd4 c5 8. Nb3 Qxd1 9. Rxd1 Bg4 10. f3 Be6
11. Nc3 Bd6 12. Be3 b6 13. a4 Kf7 14. a5 c4 15. Nd4 b5 16. Nxe6 Kxe6 17. Ne2 Ne7 18. b3 cxb3 19. cxb3 Rhd8 20. Rac1 Kf7
21. Kf2 c5 22. Bf4 Bxf4 23. Nxf4 Rxd1 24. Rxd1 Rc8 25. Rd7 Ke8 26. Ra7 Rc6 27. Nd3 c4 28. bxc4 bxc4 29. Nb4 Rc8 30. Ke1 c3
31. Kd1 Nc6 32. Nxc6 Rxc6 33. Rxg7 Rc5 34. Kc2 Rxa5 35. Kxc3 Ra2 36. h4 Kf8 37. Rxh7 Rxg2 38. Rh5 Rh2 39. Rf5 Rxh4 40. Rxf6+ Ke7
41. e5 Ra4 42. f4 a5 43. Kd3 Rb4 44. Ke3 a4
0-1

[Event "I slightly prefer Romney to Obama"]
[Site "SchemingMind.com"]
[Date "2012.10.23"]
[Round "-"]
[White "aperturaf"]
[Black "Adrian Grajczak"]
[Result "1-0"]
[WhiteCountry "ESP"]
[BlackCountry "POL"]
[WhiteElo "2380"]
[WhiteRD "104"]
[BlackElo "2078"]
[BlackRD "71"]
[GameID "319684"]

1. e4 d6 2. d4 Nf6 3. Nc3 e5 4. dxe5 dxe5 5. Qxd8+ Kxd8 6. Nf3 Bd6 7. Be3 Nc6 8. O-O-O Be6 9. h3 h6 10. g4 Ke7
11. Rg1 a6 12. a3 Na5 13. g5 Nd7 14. gxh6 gxh6 15. Nd5+ Kd8 16. Nh4
1-0

[Event "I slightly prefer Romney to Obama"]
[Site "SchemingMind.com"]
[Date "2012.10.22"]
[Round "-"]
[White "Ilang"]
[Black "aperturaf"]
[Result "1-0"]
[WhiteCountry "HUN"]
[BlackCountry "ESP"]
[WhiteElo "2385"]
[WhiteRD "74"]
[BlackElo "2111"]
[BlackRD "190"]
[GameID "319685"]

1. d4 d5 2. c4 c6 3. Nf3 Nf6 4. Nc3 dxc4 5. a4 Qa5 6. Bd2 Be6 7. e4 Nbd7 8. Be2 h6 9. O-O Qd8 10. Qb1 g5
11. Be3 Qa5 12. Qa2 Qb4 13. Nd2 Bg7 14. h3 g4 15. f4 gxf3 16. Rxf3 Nf8 17. Rf2 N8d7 18. Bxc4 Bxc4 19. Nxc4 Rf8 20. Bd2 Nb6
21. Ne3 e6 22. a5 Nbd7 23. Nc4 Qe7 24. e5 a6 25. Nd6+ Kd8 26. Qa3 Nh7 27. Nxb7+ Ke8 28. Nd6+ Kd8 29. Nce4 Ra7 30. Qb4 Rc7
31. Nb7+
1-0

[Event "I slightly prefer Romney to Obama"]
[Site "SchemingMind.com"]
[Date "2012.10.22"]
[Round "-"]
[White "chesshub"]
[Black "aperturaf"]
[Result "1/2-1/2"]
[WhiteCountry "FRA"]
[BlackCountry "ESP"]
[WhiteElo "2503"]
[WhiteRD "71"]
[BlackElo "2378"]
[BlackRD "95"]
[GameID "319686"]

1. e4 e6 2. d4 d5 3. Nd2 Nf6 4. e5 Nfd7 5. Bd3 c5 6. c3 Nc6 7. Ne2 Qb6 8. Nf3 cxd4 9. cxd4 Bb4+ 10. Bd2 f6
11. exf6 Nxf6 12. O-O O-O 13. Bf4 Bd7 14. a3 Be7 15. b4 Rac8 16. Rc1 a6 17. Ne5 Qd8 18. Rc2 Nh5 19. Be3 Bd6 20. Qa1 Nf6
21. f3 Qc7 22. f4 Qb6 23. Bf2 Ne7 24. Nc3 Be8 25. g3 Rc7 26. Re1 h6 27. Qa2 Qa7 28. Qb3 b6 29. h3 Qb7 30. a4 Rc8
31. Rf1 b5 32. axb5 axb5 33. Ra1 Rc4 34. Bxc4 dxc4 35. Qa3 Ned5 36. Rb2 g5 37. Qa6 Qb8 38. fxg5 hxg5 39. Be1 Nxb4 40. Rxb4 Bxb4
41. Qxe6+ Kh8 42. Rb1 Ba5 43. Qe7 Kg8 44. Ne2 Bxe1 45. Rxe1 Ne4 46. Nf4 Qd6 47. Qe6+ Qxe6 48. Nxe6 Rf6 49. Nc7 Nd6 50. Nxe8 Nxe8
51. Nxc4 bxc4 52. Rxe8+ Kg7 53. d5 Rd6 54. Rc8 Rxd5=
1/2-1/2

[Event "I slightly prefer Romney to Obama"]
[Site "SchemingMind.com"]
[Date "2012.10.22"]
[Round "-"]
[White "smothered mate"]
[Black "aperturaf"]
[Result "0-1"]
[WhiteCountry "POL"]
[BlackCountry "ESP"]
[WhiteElo "2016"]
[WhiteRD "53"]
[BlackElo "2358"]
[BlackRD "105"]
[GameID "319687"]

1. e4 e6 2. d4 d5 3. e5 c5 4. c3 Nc6 5. Nf3 Qb6 6. Be2 Nh6 7. O-O cxd4 8. cxd4 Nf5 9. Nc3 Nfxd4 10. Nxd4 Qxd4
11. Bd3 Bd7 12. Qe2 Qxe5 13. Qf3 Bd6 14. g3 Qf6 15. Qg2 Ne5 16. Be2 Bc6 17. Nb5 Bc5 18. Rd1 d4 19. Qh3 d3
0-1

[Event "I slightly prefer Romney to Obama"]
[Site "SchemingMind.com"]
[Date "2012.10.22"]
[Round "-"]
[White "aplek"]
[Black "aperturaf"]
[Result "1-0"]
[WhiteCountry "POL"]
[BlackCountry "ESP"]
[WhiteElo "2355"]
[WhiteRD "112"]
[BlackElo "2300"]
[BlackRD "97"]
[GameID "319688"]

1. c4 e6 2. Nc3 Nf6 3. e4 e5 4. f4 d6 5. Nf3 Be7 6. Be2 O-O 7. O-O c5 8. d3 Re8 9. Nd5 Nc6 10. Bd2 exf4
11. Nxf4 Rb8 12. Bc3 b5 13. cxb5 Rxb5 14. d4 Rb7 15. d5 Ne5 16. Qc2 Nxf3+ 17. Rxf3 Qb6 18. Bc4 Bd8 19. Raf1 Nxe4 20. Bxg7 Bg5
21. Bc3 Bf5 22. Re1 Qd8 23. Ne6 fxe6 24. dxe6 d5 25. Rxf5 Nxc3 26. Rf7 Rxf7 27. exf7+ Kxf7 28. Qxh7+ Kf8 29. Rf1+ Bf6 30. Qh6+ Kf7
31. bxc3 dxc4 32. Qh7+ Ke6 33. Qg6 Rf8 34. Re1+ Kd7 35. Rd1+ Bd4+ 36. cxd4 Qf6 37. dxc5+ Kc7 38. Qxf6 Rxf6 39. Rd4 c3 40. Rd3 Ra6
41. Rxc3 Rxa2 42. g4 a5 43. g5 Kc6 44. g6 Rb2 45. h4
1-0

[Event "I slightly prefer Romney to Obama"]
[Site "SchemingMind.com"]
[Date "2012.10.27"]
[Round "-"]
[White "mapleleaf"]
[Black "aperturaf"]
[Result "0-1"]
[WhiteCountry "CAN"]
[BlackCountry "ESP"]
[WhiteElo "1975"]
[WhiteRD "96"]
[BlackElo "2329"]
[BlackRD "90"]
[GameID "319689"]

1. d4 d5 2. c4 c6 3. e3 Bf5 4. Nf3 Nf6 5. Nbd2 e6 6. Be2 h6 7. O-O Be7 8. b3 Nbd7 9. Bb2 O-O 10. a3 Qc7
11. Rc1 a5 12. Ne5 Nxe5 13. dxe5 Nd7 14. Nf3 dxc4 15. Bxc4 Rfd8 16. Qd4 Nb6 17. Qf4 Nxc4 18. Rxc4 g5 19. Qg3 Bd3 20. h4 Bxf1
21. hxg5 Bd3 22. Rh4 Bg6 23. Rxh6 Rd1+ 24. Kh2 Bf8 25. Qh4 Bg7
0-1

[Event "I slightly prefer Romney to Obama"]
[Site "SchemingMind.com"]
[Date "2012.10.22"]
[Round "-"]
[White "bereolos"]
[Black "aperturaf"]
[Result "0-1"]
[WhiteCountry "USA"]
[BlackCountry "ESP"]
[WhiteElo "2139"]
[WhiteRD "87"]
[BlackElo "2378"]
[BlackRD "95"]
[GameID "319690"]

1. d4 d5 2. c4 c6 3. Nf3 dxc4 4. e3 Be6 5. Nc3 b5 6. a4 b4 7. Ne4 Nf6 8. Ned2 c3 9. bxc3 bxc3 10. Nc4 Nbd7
11. Ba3 g6 12. Rc1 Bg7 13. Rxc3 O-O 14. Be2 Re8 15. O-O Rc8 16. Nce5 Ne4 17. Rc1 Nxe5 18. dxe5 Bd5 19. Qc2 Qd7 20. Bd3 f5
21. Rfd1 Rcd8 22. Bb2 Qe6 23. Nd4 Qxe5 24. Ba1 Qc7 25. Nxc6 Qxc6 26. Qxc6 Bxc6 27. Rxc6 Rxd3 28. Rxd3 Bxa1 29. Rd7 Rb8 30. g4 Kf7
31. gxf5 gxf5 32. Rxa7 Rb1+ 33. Kg2 Rb2 34. Rcc7 Rxf2+ 35. Kg1 Bf6 36. a5 Re2
0-1

[Event "I slightly prefer Romney to Obama"]
[Site "SchemingMind.com"]
[Date "2012.10.22"]
[Round "-"]
[White "Adrian Grajczak"]
[Black "aperturaf"]
[Result "0-1"]
[WhiteCountry "POL"]
[BlackCountry "ESP"]
[WhiteElo "2078"]
[WhiteRD "71"]
[BlackElo "2380"]
[BlackRD "104"]
[GameID "319691"]

1. g4 e5 2. Bg2 h5 3. gxh5 d5 4. d3 Nf6 5. Nc3 Be6 6. Nf3 d4 7. Ne4 Nxe4 8. dxe4 Nc6 9. a3 Rxh5 10. Qd3 f6
11. Bd2 Qd7 12. b4 Qf7 13. b5 Bc4 14. Nxe5 Nxe5 15. Qg3 Bxb5 16. f4 Nc4 17. Bb4 Ne3
0-1

[Event "I slightly prefer Romney to Obama"]
[Site "SchemingMind.com"]
[Date "2012.11.11"]
[Round "-"]
[White "fourluxflakes"]
[Black "Ilang"]
[Result "0-1"]
[WhiteCountry "ENG"]
[BlackCountry "HUN"]
[WhiteElo "1957"]
[WhiteRD "96"]
[BlackElo "2362"]
[BlackRD "68"]
[GameID "320844"]

1. Nc3 d5 2. e4 d4 3. Nce2 e5 4. Nf3 Nc6 5. Ng3 h5 6. h4 a6 7. Be2 Bg4 8. Ng1 d3 9. Bxg4 Nb4 10. cxd3 hxg4
11. Qb3 Qxd3 12. Qxd3 Nxd3+ 13. Kf1 O-O-O 14. N1e2 Rh6 15. Nc3 Rf6 16. Nd1 Bc5 17. Nf5 g6 18. Nfe3 Bxe3 19. dxe3 Nxf2 20. Nxf2 g3
0-1

[Event "I slightly prefer Romney to Obama"]
[Site "SchemingMind.com"]
[Date "2012.11.11"]
[Round "-"]
[White "fourluxflakes"]
[Black "chesshub"]
[Result "0-1"]
[WhiteCountry "ENG"]
[BlackCountry "FRA"]
[WhiteElo "1957"]
[WhiteRD "96"]
[BlackElo "2438"]
[BlackRD "73"]
[GameID "320845"]

1. Nc3 c5 2. Nf3 Nc6 3. d4 d5 4. e4 dxe4 5. Nxe4 cxd4 6. Bc4 Bf5 7. Bxf7+ Kxf7 8. Nfg5+ Ke8 9. Qf3 e6 10. g4 Ne5
11. Qb3 Bxe4 12. Nxe4 Qd5
0-1

[Event "I slightly prefer Romney to Obama"]
[Site "SchemingMind.com"]
[Date "2012.11.11"]
[Round "-"]
[White "fourluxflakes"]
[Black "smothered mate"]
[Result "0-1"]
[WhiteCountry "ENG"]
[BlackCountry "POL"]
[WhiteElo "1777"]
[WhiteRD "71"]
[BlackElo "1979"]
[BlackRD "59"]
[GameID "320846"]

1. Nc3 d5 2. e4 d4 3. Nce2 c5 4. Nf3 Nc6 5. Ng3 Bg4 6. h3 Bxf3 7. Qxf3 e5 8. Bc4 Nf6 9. d3 Be7 10. O-O a6
11. a3 b5 12. Ba2 h6 13. Nf5 Bf8 14. Qe2 g6 15. Ng3 Bg7 16. f4 O-O 17. f5 Kh7 18. Bd2 Ra7 19. Rf2 Rd7 20. Raf1 g5
21. Nh5 Ne7 22. Nxf6+ Bxf6 23. Qh5 Ng8
0-1